000 01074nam a2200313 i 4500
001 bg
100 1 _aLEARY, Mark R.
245 1 0 _aWywieranie wrażenia na innych :
_bo sztuce autoprezentacji /
_cMark Leary ; przekł. Anna Kacmajor, Magdalena Kacmajor.
246 _iTyt. oryg.:
_aSelf presentation
260 _aGdańsk :
_bGdańskie Wydaw. Psychologiczne,
_c2004.
300 _a255 s. :
_brys. ;
_c24 cm.
490 1 _aSeria Psychologii Społecznej
500 _aTyt. oryg. : "Self presentation", cop. 2003.
504 _aBibliogr. s. 223-245.
650 9 _aOsobowość
650 9 _aPsychologia społeczna
650 9 _aSamopoznanie
700 1 _aKACMAJOR, Anna.
_eTł.
700 1 _aKACMAJOR, Magdalena.
_eTł.
830 _aSeria Psychologii Społecznej
020 _a8385416927
040 _cBPK
041 1 _apol
_heng
080 _a159.923:316.6
920 _a83-85416-92-7
942 _cKS
008 s pl f |000 0 pol
999 _c44920
_d44920
856 _uhttp://koha.tu.koszalin.pl/cgi-bin/koha/opac-detail.pl?biblionumber=44920
_yKatalog online BPK